|
|
|
|
| LEADER |
00000nam0a2200000 4500 |
| 001 |
271938 |
| 005 |
20231101234502.0 |
| 020 |
|
|
|a RU
|b 87-55564
|
| 035 |
|
|
|a (RuTPU)RU\TPU\book\295142
|
| 090 |
|
|
|a 271938
|
| 100 |
|
|
|a 20141014d1987 km y0rusy5003 ca
|
| 101 |
0 |
|
|a rus
|
| 102 |
|
|
|a RU
|
| 105 |
|
|
|a c z 001zb
|
| 200 |
1 |
|
|a Павел Карлович Штернберг, 1865-1920: ученый-астроном, революционер-подпольщик, государственный деятель
|f П. Г. Куликовский
|
| 205 |
|
|
|a 2-е изд., испр. и доп.
|
| 210 |
|
|
|a Москва
|c Наука
|d 1987
|
| 215 |
|
|
|a 124 с.
|c портр.
|
| 225 |
1 |
|
|a Научно-биографическая серия
|
| 320 |
|
|
|a Библиогр.: с. 121-124 (77 назв.)
|
| 327 |
0 |
|
|a В прил.: Воспоминания Е. П. Офросимовой-Штернберг и С. В. Орлова
|
| 600 |
|
1 |
|a Штернберг
|b П. К.
|c астроном
|c государственный деятель
|f 1865-1920
|g Павел Карлович
|2 stltpush
|3 (RuTPU)RU\TPU\pers\35073
|
| 606 |
1 |
|
|a Астрономия
|2 stltpush
|3 (RuTPU)RU\TPU\subj\29567
|9 52865
|
| 610 |
1 |
|
|a КПСС
|
| 610 |
1 |
|
|a астрономическая наука
|
| 610 |
1 |
|
|a история
|
| 610 |
1 |
|
|a биографии
|
| 610 |
1 |
|
|a СССР
|
| 610 |
1 |
|
|a жизнь
|
| 610 |
1 |
|
|a деятельность
|
| 610 |
1 |
|
|a персоналии
|
| 610 |
1 |
|
|a биографии
|
| 675 |
|
|
|a 52(092)
|v 3
|
| 700 |
|
1 |
|a Куликовский
|b П. Г.
|g Петр Григорьевич
|4 070
|
| 801 |
|
0 |
|a RU
|b RuMRKP
|c 19950417
|g psbo
|
| 801 |
|
1 |
|a RU
|b 63413507
|c 20141014
|
| 801 |
|
2 |
|a RU
|b 63413507
|c 20161213
|g RCR
|
| 942 |
|
|
|c BK
|